000 00269nam a2200097Ia 4500
008 230508s2002 xx 000 0 und d
041 _aeng
100 _aEDWARD G. HOLFMAN
245 _aSETUP REDUCATION THOUGH EFFECTIVE WORKHOLDING
260 _bINDUSTRIAL PRESS INC
_c2002
999 _c341853
_d341853